000 00544nam a2200193Ia 4500
005 20260120132002.0
008 008 260114s9999 xx 000 0 eng d
020 _a9780197726310
037 _aEBOOK
040 _aCRL
_beng
_cCRL
041 _aeng
_2eng
084 _qCRL
100 _aBoyle
_9933555
245 0 _aSubject to Change Guerrilla Television Revisited
260 _bOxford University PressOxford University Press
_c2023
856 _uhttps://academic.oup.com/book/49099
942 _cEBOOK
999 _c1525478
_d1525478